000 00865nam a2200253 i 4500
001 145515
003 ES-MaACL
005 20230906201240.0
007 t|
008 071015s1979 sp ||||1| spa d
020 _a84-7214-176-4
245 0 0 _aVertebrados :
_bestructura y función /
_cintroducciones de Norman K. Wessells ; traducido por Francisco García Álvarez ... [et al.].
260 _aMadrid :
_bBlume,
_c[1979]
300 _aVIII, 460 p. :
_bil. col. y n. ;
_c28 cm.
490 1 _aSelecciones de Scientific American
504 _aBibliografía: p. 449-455.
650 4 _aVertebrados.
_9143527
700 1 _aWessells, Norman K.
_9116535
700 1 _aGarcía Alvarez, Francisco.
_954151
710 2 _aScientific American.
_96515
830 1 _aSelecciones de Scientific American
_9181289
852 _aES-MaACL
_jA-10526
999 _c145515
_d145515